000 00765nam a2200289Ia 4500
001 A0690
003 IT-RoPAU
008 130308s9999 xx 000 0 und d
040 _aIT-RoPAU
040 _cIT-RoPAU
041 _aITALIANO
100 _aLeconte Loredana
100 _gCodice Aut. SPICS: 34643
245 _aTra fumetti e fotoromanzi, il neorealismo
245 _bNeorealismo-Cinema Italiano 1945-1949
250 _a1a ed.
260 _aTORINO
260 _bEDT
260 _c1989 [1° Ed.:1989 - Ed.Ling.Originale:1989]
300 _a"3 p. (prefazione: no ; testo: 3 [pagine: 131-133])"
650 _aSTORIA NAZIONALE DEL CINEMA
650 _eCodice materia Spics: 6809
942 _cBK
957 _71
999 _c54569
_d54569
999 _bSI
999 _g1